Science Quiz

Random Science or Anatomy Quiz
Score 0/24 Timer 02:00
0 Plays Today
% Correct
femur
90.1%
iris
89.9%
bronchus
89.9%
retina
89.8%
bronchiole
89.7%
cornea
88.9%
dentin
88.2%
enamel
88.1%
bladder
88.1%
tibia
87.1%
ureter
87%
fibula
85.3%
% Correct
metacarpal
82.5%
kidney
81.9%
humerus
79.8%
radius
76.2%
ulna
74.2%
alveolus
72.3%
malleus
67.7%
cementum
67.2%
phalanx
66.3%
incus
64.7%
stapes
64.5%
scaphoid
63%
Remove Ads.
Support Sporcle.
Get the best of Sporcle when you Go Orange. This ad-free experience offers more features, more stats, and more fun while also helping to support Sporcle. Thank you for becoming a member.

You're not logged in!

Compare scores with friends on all Sporcle quizzes.
OR
Log In

Show Comments

Extras

Top Quizzes Today


Score Distribution

Your Account Isn't Verified!

In order to create a playlist on Sporcle, you need to verify the email address you used during registration. Go to your Sporcle Settings to finish the process.

Report this User

Report this user for behavior that violates our Community Guidelines.

Details: